000 00612nam a22002297a 4500
001 00028955
005 20260429085541.0
008 260429b ag ||||| |||| 00| 0 spa d
020 _a8441305471
040 _aAR-CcCEOS
_bspa
_cAR-CcCEOS
041 _aspa
080 _a94:7(510)
090 _bSCH v.1
100 1 _aSchafer, Edward H.
_91151
245 _aLa China Antigua :
_bVolumen I /
_cEdward H. Schafer
264 _aBarcelona :
_bFolio,
_c1997.
300 _a91 p. ;
_c24x18 cm.
490 _vAtlas culturales del mundo
650 0 _ahistoria
_990
655 0 _aarte
_9138
942 _2udc
_cBK
_n0
999 _c29008
_d29008